000 00608cam a2200193 4500500
005 20260329003739.0
041 _afre
042 _adc
100 1 0 _aNassif, Philippe
_eauthor
245 0 0 _aPeter Sloterdijk. Invente-toi ton héritage
260 _c2016.
500 _a61
690 _aCondition humaine
690 _aExistence
690 _ahistoire des idées
690 _aPeter Sloterdijk
786 0 _nPhilosophie magazine | 105 | 12-1 | 2016-12-01 | p. 38-39 | 1951-1787
856 4 1 _uhttps://shs.cairn.info/magazine-philosophie-magazine-2016-12-1-page-38?lang=fr&redirect-ssocas=7080
999 _c1827308
_d1827308